| 000 | 00845nam a22002297a 4500 | ||
|---|---|---|---|
| 005 | 2010072205365.0 | ||
| 010 | _aENG-97360 | ||
| 020 |
_c600.00 _a9788131729427 |
||
| 035 | _aEN-80893 | ||
| 037 | _bDBAD/VEN | ||
| 082 | _a323 | ||
| 100 |
_aLal, C.K. _93482 |
||
| 245 |
_aHuman rights, democracy and governance / _cby C.K. Lal |
||
| 260 |
_aNoida _bDorling Kindersley (India) _c2010 |
||
| 270 |
_a7th Floor, Knowledge Boulevard, A-8 (A), Sector-62, _bNoida _e201309 |
||
| 300 |
_axii, 164p _c24cm (Hb) |
||
| 490 |
_aImagine a new South Asia ; edited by John Samuel [and] Rashed Al Mahmud Titumir _93483 |
||
| 500 | _aIncludes bibliographical references and index | ||
| 942 |
_2ddc _cEN _mLAL _h323 |
||
| 999 |
_c38274 _d38274 |
||